Nová digitálna ústredňa v Spišskej novej Vsi Súčasný stav telekomunikácií alarmujúci

Bibliographic Details
Main Author: (ha) (Author)
Format: Article
Language:Slovak
Subjects:

MARC

LEADER 00000nab a2200000 a 4500
001 vtls001019885
003 SK-MaSNL
005 20260303180917.0
008 140301e19950523xo 0 slo
035 |a SN5801 
040 |a SNSK  |b slo  |c SNSK  |e AACR2 
041 0 |a slo 
044 |a xo  |c SK 
080 |a 654  |2 1981 
100 0 |a (ha)  |4 aut  |9 846414 
245 1 0 |a Nová digitálna ústredňa v Spišskej novej Vsi  |b Súčasný stav telekomunikácií alarmujúci 
650 0 7 |a telekomunikácia  |2 SNSK  |9 105923 
650 0 7 |a stav súčasný  |2 SNSK  |9 878056 
650 0 7 |a informácie  |2 SNSK  |9 1285 
651 7 |a Spišská Nová Ves (Slovensko)  |2 SNSK  |9 28800 
773 0 8 |t Hospodárske noviny, č.98, 23.5.1995, s. 4 
852 |a ZVYKNI  |b KIS3GCP 
999 |c 2108021  |d 2109951